000 00762cab a22002175a 4500
001 L138515
008 070618e20070608xxk f 000 0 eng d
035 _a(Sirsi) u138515
041 0 _aeng
100 1 _aBailey, Katherine
245 0 0 _aDoes the industry still need women in property?
260 _c2007
490 _aBuilding
_v272(8483) 8 June 2007, 54-55(2)
520 _aArgues for and against the winding up of the networking group The National Association of Women in Property also known as Women in Property
590 _aKA
610 2 4 _aNational Association of Women in Property
_95224
651 4 _aGreat Britain
_y1707-
690 _aCAREERS, EDUCATION AND TRAINING-RICS RAISING THE RATIO CAMPAIGN
700 1 _aStewart, Cathy
942 _n0
999 _c78896
_d78896